Control de infecciones y bioseguridad en odontología (Registro nro. 9084)

Detalles MARC
000 -Cabecera
Campo de control de longitud fija 00764ntm a22003017a 4500
005 - Fecha y hora de la última transacción
Campo de control 20250925165032.0
008 - Elementos de longitud fija--Información general
Campo de control de longitud fija 170320b2016 xxu||||| |||| 00| 0 spa d
020 ## - International Standard Book Number
Número Internacional Estándar del Libro (ISBN) 9786074485738
041 ## - Idioma
Código de idioma Español
082 ## - Clasificación Decimal Dewey
Número de clasificación 617.6 G245c2
100 ## - Entrada principal--Autor personal
Nombre personal Garza Garza, Ana María
9 (RLIN) 41351
245 ## - Título propiamente dicho
Título Control de infecciones y bioseguridad en odontología
250 ## - Edición
Mención de edición 2 edición
260 ## - Pie de imprenta
Lugar de publicación, distribución, etc. México
260 ## - Pie de imprenta
Nombre del editor, distribuidor, etc. Manual Moderno
260 ## - Pie de imprenta
Fecha de publicación, distribución, etc. 2016
300 ## - Descripción física
Extensión 251 páginas
650 ## - Materia general
Temática (materia general) ODONTOLOGÍA
650 ## - Materia general
Temática (materia general) BOCA
650 ## - Materia general
Temática (materia general) INFECCIONES
650 ## - Materia general
Temática (materia general) TRATAMIENTO
650 ## - Materia general
Temática (materia general) SALUD BUCAL
650 ## - Materia general
Temática (materia general) ENFERMEDADES BUCALES
650 ## - Materia general
Temática (materia general) RESIDUOS PELIGROSOS
650 ## - Materia general
Temática (materia general) ESTERILIZACIÓN
650 ## - Materia general
Temática (materia general) PROTECCIÓN PERSONAL
942 ## - Punto de acceso adicional KOHA
Tipo de ítem KOHA Libro
Fuente del sistema de clasificación o colocación Dewey Decimal Classification
Existencias
Signatura completa Código de barras Tipo de ítem
617.6 G245c2 21766 Libro
617.6 G245c2 21781 Libro